000 00780nam a2200205 a 4500
003 0
005 20250621104450.0
008 021113s19uu xx 00 eng d
050 _aPGS PN 1992.8.E4
_b.B745 1998
100 _aBossert, Chantal P.
245 _aEffects of watching TV to the study habits of grade 6 students of Southville International School /
_cChantal P. Bossert.
260 _aLas PiƱas City, Philippines :
_bSouthville International School and Colleges,
_c1998.
300 _a14 pages :
_billustrations ;
_c28 cm.
504 _aIncludes bibliographical references.
650 _aStudy skills.
650 _aTelevision and children.
650 _aTelevision
_vPsychological aspects.
650 _aElementary school students
_vAttitudes.
942 _2lcc
_cPASS
999 _c96128
_d96128